000 00546nam a22001817a 4500
005 20251108171854.0
008 250721s1989 xx 000 0 ara d
082 1 4 _a621.3885/مأم
100 1 _aالحلاق، مأمون
245 1 0 _aالفيديو :
_bالتشغيل ، الصيانة و الإصلاح /
250 _aط2
264 1 _aبيروت :
_bمؤسسة الرسالة،
_c1989.
300 _a183ص : مخططات
650 1 7 _aالفيديو كاسيت
650 1 7 _aالتلفزيون
942 _2ddc
_cBK
999 _c64818
_d64818